=LDR 00000nam 2200000 4500 =001 000341 =005 20250710024002 =035 ##$$a 0010-0725000196 =007 ta =008 250710################a##########0#ind## =020 ##$$a 978-623-307-351-6 =082 ##$$a 398.209 598 =084 ##$$a 398.209 598 BWI h =100 #$$a Bwire, Adelheid Marie =245 1#$$a Hari Keberuntungan Hamisi! /$c Adelheid Marie Bwire =250 ##$$a Cetakan pertama =260 ##$$a Jakarta Timur :$b Badan pengembangan dan pembinaan bahasa,$c 2022 =300 ##$$a 16 hlm. : $b ilus. ; $c 29 cm$e 398.209 598 =650 #4$$a Literasi Bahan Bacaan =856 ##$$a TBM As Suhada =990 ##$$a TBM00510051